Manual de historia de Chile

Saved in:
Bibliografiske detaljer
Hovedforfatter: Frías Valenzuela, Francisco (Author)
Format: Bog
Sprog:spansk
Udgivet: Santiago Nascimento 1984
Udgivelse:21a. ed
Fag:
Tags: Tilføj Tag
Ingen Tags, Vær først til at tagge denne postø!

MARC

LEADER 00000nam a2200000 a 4500
001 UCZ6547
003 CL-VaPUC
008 951211e19840000CL |||||||||||||||||spa|d
082 0 4 |a 983  |b FRI  |2 21 
100 0 |a Frías Valenzuela, Francisco  |e author  |9 350909 
245 1 0 |a Manual de historia de Chile 
250 |a 21a. ed 
300 |a 509 p 
942 |c BK 
945 |d 19951211 00:00:00  |a cmena 
260 |a Santiago  |b Nascimento  |c 1984 
650 7 |a HISTORIA LATINOAMERICANA  |2 CL-VaPUC  |9 347191 
650 0 |a Enseñanza de la historia   |9 307330 
651 7 |a CHILE  |2 CL-VaPUC  |9 350910 
583 |a last modification  |c 19951211 00:00:00  |k Rodrigo Vera 
999 |c 242746  |d 242744 
952 |0 0  |1 0  |4 0  |6 983_000000000000000_FRI_1984  |7 0  |8 A  |9 255888  |a BIBEDU  |b BIBEDU  |d 2019-11-19  |i 1604651  |o 983 FRI 1984  |p 1604651  |r 2019-11-19  |w 2019-11-19  |y BK  |k EDU